|
|
|
|
| LEADER |
01221nam a2200277 u 4500 |
| 001 |
10056314 |
| 003 |
upatras |
| 005 |
20210117200804.0 |
| 008 |
051209s1997 eng |
| 020 |
|
|
|a 0198240368
|q ((acid-free paper))
|
| 040 |
|
|
|a ΠΑΝΕΠΙΣΤΗΜΙΟ ΠΑΤΡΩΝ
|c ΠΑΝΕΠΙΣΤΗΜΙΟ ΠΑΤΡΩΝ
|
| 041 |
0 |
|
|a eng
|a fre
|
| 082 |
1 |
4 |
|a 440/.9
|2 21
|
| 100 |
1 |
|
|a Posner, Rebecca
|9 48890
|
| 245 |
1 |
0 |
|a Linguistic change in French
|c Rebecca Posner
|
| 260 |
|
|
|a Oxford
|a New York
|b Clarendon Press
|b Oxford University Press
|c 1997
|
| 300 |
|
|
|a xxi, 509 p.
|b ill.
|c 23 cm
|
| 504 |
|
|
|a Includes bibliographical references (p. [425]-488) and indexes
|
| 650 |
|
4 |
|a Γαλλική γλώσσα
|x Ιστορία
|9 48891
|
| 650 |
|
4 |
|a Γαλλική γλώσσα
|x Ποικιλία
|9 48892
|
| 650 |
|
4 |
|a Γλωσσολογική αλλαγή
|9 44001
|
| 852 |
|
|
|a GR-PaULI
|b ΠΑΤΡΑ
|b ΦΙΛΟΛΟΓΙΑ
|b ΓΛΚ
|k ΔΑΝΕΙΖ-6
|h 440.9 POS
|m 6161
|p 025000144581
|
| 942 |
|
|
|2 ddc
|
| 952 |
|
|
|0 0
|1 0
|2 ddc
|4 0
|6 440_900000000000000_POS
|7 0
|9 51494
|a LISP
|b LISP
|d 2016-04-24
|i 6161
|l 1
|m 1
|o 440.9 POS
|p 025000144581
|r 2017-04-25 00:00:00
|s 2017-03-17
|w 2016-04-24
|
| 998 |
|
|
|c ΑΝΔΡΙΚΟΠΟΥΛΟΥ
|d 2006-02
|
| 999 |
|
|
|c 32758
|d 32758
|